Loading...

Teen apahij/

Bibliografiske detaljer
Hovedforfatter: Vipin Agrawal
Format: Printed Book
Udgivet: Allahabad: Lokbharathi Prakashan, 1982.
LEADER 00346nam a22001097a 4500
100 |a Vipin Agrawal 
245 |a Teen apahij/  |c Vipin Agrawal 
260 |a Allahabad:  |b Lokbharathi Prakashan,  |c 1982. 
300 |a 221p. 
942 |2 ddc  |c BK 
999 |c 246100  |d 246100 
952 |0 0  |1 0  |4 0  |7 0  |9 273132  |a HIN  |b HIN  |c S-26  |d 2012-09-12  |i 12867  |l 0  |p HIN12867  |r 2014-02-07  |w 2014-02-07  |y BK